Disneys Descendants cast - Statistics

General Stats
  • This quiz has been taken 890 times
  • The average score is 5 of 13
Answer Stats
Hint Answer % Correct
Mal Dove Cameron
99%
Evie Sofia Carson
90%
Carlos Cameron Boyce
83%
Jay Booboo Stewart
74%
Ben Mitchell Hope
55%
Audrey Sarah Jeffery
36%
Chad Jedidiah Goodacre
23%
Lonnie Dianne Doan
20%
Maleficent Kristin Chenoweth
16%
Evil queen Kathy Najimy
10%
Jafar Maz Jobrani
10%
Cruella de vil Wendy Raquel Robinson
9%
Jane Brenna D'Amcio
2%
No matching quizzes found
Score Distribution
Percent of People with Each Score
Percentile by Number Answered
Your Score History
You have not taken this quiz